[Event "DEM U12"]
[Site "Willingen"]
[Date "2006.06.04"]
[Round "3.28"]
[White "Schmitt, Katrin"]
[Black "Iwanziw, Niklas"]
[Result "1/2-1/2"]
[WhiteElo "1380"]
[BlackElo "1515"]
[PlyCount "55"]
[EventDate "2006.??.??"]
[EventType "swiss"]
[EventRounds "11"]
[EventCountry "GER"]

1. e4 c5 2. b3 d6 3. Nf3 Nf6 4. Bb5+ Nbd7 5. Bxd7+ Bxd7 6. Nc3 e5 7. Bb2 Bc6 8.
Qe2 g6 9. O-O Bg7 10. Rad1 O-O 11. Rfe1 Nh5 12. d3 f5 13. Qd2 f4 14. Qe2 Bf6
15. Rc1 Ng7 16. Rcd1 Ne6 17. Nb1 g5 18. Nfd2 Be8 19. g4 fxg3 20. fxg3 h5 21. h3
Rc8 22. Nf1 Rc7 23. Nc3 h4 24. g4 Nf4 25. Qh2 Rcf7 26. Ne3 Bc6 27. Nf5 Kh7 28.
Rf1 1/2-1/2

[Event "DEM U12"]
[Site "Willingen"]
[Date "2006.06.04"]
[Round "3.29"]
[White "Marquardt, Patrick"]
[Black "Grzeca, Pascal"]
[Result "1-0"]
[WhiteElo "1505"]
[BlackElo "1359"]
[PlyCount "69"]
[EventDate "2006.??.??"]
[EventType "swiss"]
[EventRounds "11"]
[EventCountry "GER"]

1. e4 c6 2. d4 d5 3. Nc3 dxe4 4. Nxe4 Bf5 5. Ng3 Bg6 6. Nf3 e6 7. Bd3 Bxd3 8.
Qxd3 Nd7 9. O-O Ngf6 10. Bg5 Be7 11. Rfe1 O-O 12. Rad1 h6 13. Bxf6 Bxf6 14. Ne4
Be7 15. Qb3 Qb6 16. Qxb6 Nxb6 17. Ne5 Nd5 18. c3 Nf6 19. Nxf6+ Bxf6 20. Rd3
Rfd8 21. Red1 c5 22. Ng4 Be7 23. dxc5 Rxd3 24. Rxd3 Bxc5 25. Ne5 f6 26. Ng6 Kh7
27. Nf4 e5 28. Ne6 Bf8 29. Rd7 Re8 30. Nxf8+ Rxf8 31. Rxb7 Rd8 32. h3 Rd2 33.
a4 Kg8 34. a5 Kf8 35. a6 1-0

[Event "DEM U12"]
[Site "Willingen"]
[Date "2006.06.04"]
[Round "3.30"]
[White "Gerntke, Oliver"]
[Black "Veit, Björn"]
[Result "1/2-1/2"]
[WhiteElo "1352"]
[BlackElo "1500"]
[PlyCount "82"]
[EventDate "2006.??.??"]
[EventType "swiss"]
[EventRounds "11"]
[EventCountry "GER"]

1. d4 e6 2. c4 d5 3. Nc3 Nf6 4. Bg5 Be7 5. e3 O-O 6. Nf3 b6 7. cxd5 Nxd5 8.
Bxe7 Qxe7 9. Nxd5 exd5 10. Bd3 Bg4 11. h3 Bh5 12. Qc2 h6 13. Rc1 c6 14. Ne5
Qb4+ 15. Qd2 Qxd2+ 16. Kxd2 Bg6 17. Nxc6 Nxc6 18. Rxc6 Rad8 19. Rhc1 Rde8 20.
Rc7 Ra8 21. R1c6 h5 22. Ke2 Be4 23. Bxe4 dxe4 24. d5 Kh7 25. Rd6 Rad8 26. Rxd8
Rxd8 27. Rxf7 Rxd5 28. Rxa7 Rc5 29. Kd2 Rd5+ 30. Kc2 Rg5 31. Ra4 Rxg2 32. Rxe4
Rxf2+ 33. Kc3 Rf3 34. h4 Kh6 35. Kd3 Rf2 36. Re6+ g6 37. Rxb6 Rh2 38. Rb4 Kg7
39. a4 Rh1 40. Rb6 Rxh4 41. b4 Rh1 1/2-1/2

[Event "DEM U12"]
[Site "Willingen"]
[Date "2006.06.04"]
[Round "3.31"]
[White "Hümmecke, Miriam"]
[Black "Lindner, Sebastian"]
[Result "0-1"]
[WhiteElo "1295"]
[BlackElo "1496"]
[PlyCount "146"]
[EventDate "2006.??.??"]
[EventType "swiss"]
[EventRounds "11"]
[EventCountry "GER"]

1. e4 c5 2. Nf3 d6 3. d4 cxd4 4. Qxd4 Nc6 5. Bb5 Bd7 6. Bxc6 bxc6 7. Nc3 Nf6 8.
Bg5 e5 9. Qd3 Be7 10. O-O-O Ng4 11. Bxe7 Qxe7 12. Rhf1 d5 13. exd5 O-O 14. dxc6
Bxc6 15. Rde1 Bxf3 16. gxf3 Qg5+ 17. Kb1 Rad8 18. Qe2 Rd2 19. Ne4 Rxe2 20. Nxg5
Rxe1+ 21. Rxe1 Nh6 22. b4 f6 23. Nh3 Nf5 24. c4 Rb8 25. a3 Nd6 26. Rc1 Kf7 27.
Kb2 Ke6 28. Kb3 Nf5 29. Ka4 Nd4 30. Ng1 Rb6 31. b5 Kd7 32. Rb1 Kd6 33. Ka5 Kc5
34. Rb4 Nc2 35. Ra4 Nd4 36. Rb4 g5 37. h3 h5 38. Rb2 Kxc4 39. Rb4+ Kc3 40. Ka4
h4 41. Ka5 f5 42. Rb1 Kc4 43. Rb4+ Kc5 44. Rb1 Rxb5+ 45. Rxb5+ Nxb5 46. Ka6
Nxa3 47. Kxa7 Nc2 48. Kb7 Kd5 49. Kc7 e4 50. Kd7 Nd4 51. Ke7 exf3 52. Kf6 g4
53. hxg4 fxg4 54. Kg5 g3 55. Nh3 g2 56. Kxh4 Nf5+ 57. Kg4 Nd4 58. Kg3 Ke5 59.
Kg4 Ke4 60. Kg3 Kf5 61. Kh4 Ne2 62. Kh5 g1=Q 63. Nxg1 Nxg1 64. Kh4 Kf4 65. Kh5
Nh3 66. Kh4 Nxf2 67. Kh5 Nd3 68. Kh4 f2 69. Kh3 f1=Q+ 70. Kh2 Qf2+ 71. Kh1 Qe2
72. Kg1 Kg3 73. Kh1 Qf1# 0-1

[Event "DEM U12"]
[Site "Willingen"]
[Date "2006.06.04"]
[Round "3.32"]
[White "Schareck, Martin"]
[Black "Thanabalasingam, Ajandhan"]
[Result "1-0"]
[WhiteElo "1294"]
[BlackElo "1488"]
[PlyCount "78"]
[EventDate "2006.??.??"]
[EventType "swiss"]
[EventRounds "11"]
[EventCountry "GER"]

1. d4 Nf6 2. c4 g6 3. Nc3 d5 4. cxd5 Nxd5 5. e4 Nxc3 6. bxc3 Bg7 7. Bc4 c5 8.
Qa4+ Bd7 9. Qb3 O-O 10. Bd5 Bc6 11. Bxc6 Nxc6 12. d5 Na5 13. Qc2 Nc4 14. Ne2
Qa5 15. O-O Rac8 16. Qb3 Nd6 17. f3 c4 18. Qa3 Qb6+ 19. Kh1 Rfe8 20. Bf4 Nb5
21. Qc1 Qa5 22. Bd2 Rcd8 23. Rb1 e6 24. dxe6 Rxe6 25. Nf4 Ree8 26. Nd5 Nc7 27.
Nxc7 Qxc7 28. Bf4 Qc6 29. Rb2 Rd3 30. Rc2 Red8 31. h3 Qf6 32. Bg5 Qd6 33. Bxd8
Qxd8 34. Kh2 Qh4 35. Qe1 Be5+ 36. Kh1 Qf4 37. g3 Qh6 38. f4 Bd6 39. Kg2 g5 1-0

[Event "DEM U12"]
[Site "Willingen"]
[Date "2006.06.04"]
[Round "3.34"]
[White "Dauer, Maximilian"]
[Black "Kusmierek, Kasper"]
[Result "1-0"]
[WhiteElo "1260"]
[BlackElo "1475"]
[PlyCount "91"]
[EventDate "2006.??.??"]
[EventType "swiss"]
[EventRounds "11"]
[EventCountry "GER"]

1. d4 Nf6 2. e3 g6 3. f4 Bg7 4. Nf3 O-O 5. Bd3 d6 6. c4 Nbd7 7. O-O Qe8 8. Nc3
e5 9. Nb5 Rb8 10. Bc2 exf4 11. exf4 Qd8 12. Nxa7 Ra8 13. Nxc8 Qxc8 14. f5 Nb6
15. fxg6 hxg6 16. Qd3 Nbd7 17. Nh4 c5 18. Bg5 Nh7 19. Be3 Re8 20. Rxf7 Kxf7 21.
Qxg6+ Ke7 22. Qxg7+ Kd8 23. Bxh7 cxd4 24. Bg5+ Kc7 25. Qxd4 Re5 26. Bf4 Re6 27.
c5 Kb8 28. Bxd6+ Rxd6 29. Qxd6+ Ka7 30. b4 Qh8 31. Rd1 Qxh7 32. Qxd7 Qxh4 33.
b5 Rf8 34. Qd4 Qe7 35. c6+ Ka8 36. cxb7+ Kxb7 37. Qd7+ Qxd7 38. Rxd7+ Kb6 39.
a4 Rf4 40. g3 Rxa4 41. h4 Kxb5 42. h5 Ra6 43. Rh7 Kc5 44. h6 Rc6 45. Rh8 Kc4
46. h7 1-0

[Event "DEM U12"]
[Site "Willingen"]
[Date "2006.06.04"]
[Round "3.35"]
[White "Seel, Eric"]
[Black "Matschewsky, Justus"]
[Result "1/2-1/2"]
[WhiteElo "897"]
[BlackElo "1449"]
[PlyCount "113"]
[EventDate "2006.??.??"]
[EventType "swiss"]
[EventRounds "11"]
[EventCountry "GER"]

1. e4 e5 2. Nc3 Nc6 3. Bc4 d6 4. d3 Be7 5. Nf3 Bg4 6. h3 Bh5 7. Nd5 a6 8. Be3
Na5 9. Bb3 Nxb3 10. axb3 Nf6 11. Nxf6+ Bxf6 12. g4 Bg6 13. h4 h6 14. Ke2 c6 15.
g5 hxg5 16. hxg5 Rxh1 17. Qxh1 Be7 18. Qh8+ Kd7 19. Qxg7 Qc7 20. Qh6 Bf8 21.
Qh3+ Ke7 22. Nh4 Bg7 23. Nxg6+ fxg6 24. c3 d5 25. exd5 cxd5 26. Rc1 Rf8 27. Qg3
Kd8 28. d4 exd4 29. Qxc7+ Kxc7 30. cxd4+ Kd7 31. f4 Rc8 32. Rxc8 Kxc8 33. Kf3
Kd7 34. Kg4 Ke6 35. f5+ gxf5+ 36. Kf4 b6 37. Bf2 b5 38. b4 Bf8 39. Be1 Bg7 40.
Bf2 Bf8 41. Be1 Bd6+ 42. Kf3 Kf7 43. Bd2 Kg6 44. Kf2 f4 45. Kf3 Kxg5 46. Be1
Kf6 47. Bd2 Ke6 48. Be1 Kd7 49. Bd2 Kc6 50. Bc3 Kb6 51. b3 Kc7 52. Bd2 Kd7 53.
Kg4 Ke6 54. Bc3 Kf6 55. Bd2 Ke6 56. Bc3 Kf6 57. Bd2 1/2-1/2

[Event "DEM U12"]
[Site "Willingen"]
[Date "2006.06.04"]
[Round "3.36"]
[White "Kügel, Tobias"]
[Black "Martens, Julian"]
[Result "1-0"]
[WhiteElo "1408"]
[BlackElo "1067"]
[PlyCount "73"]
[EventDate "2006.??.??"]
[EventType "swiss"]
[EventRounds "11"]
[EventCountry "GER"]

1. e4 e5 2. Nf3 Nc6 3. Bc4 Bc5 4. c3 Nf6 5. d4 exd4 6. cxd4 Bb4+ 7. Nc3 Nxe4 8.
O-O Bxc3 9. bxc3 d5 10. Bd3 O-O 11. Qc2 Bf5 12. Bf4 Re8 13. Rab1 b6 14. Bb5 Re6
15. Bd3 h6 16. Rfe1 Qe7 17. Ne5 Nxe5 18. Bxe5 f6 19. Bf4 Re8 20. f3 Nd6 21.
Rxe6 Qxe6 22. Bxf5 Nxf5 23. Bxc7 Nd6 24. Bxd6 Qxd6 25. Qa4 a5 26. Qxe8+ Kh7 27.
Qe2 Qa3 28. Qc2+ g6 29. Rxb6 Qe7 30. Kf2 f5 31. Qe2 Qc7 32. Qe6 Qg7 33. Rd6 a4
34. Rd7 Qxd7 35. Qxd7+ Kg8 36. Qxd5+ Kg7 37. Qd7+ 1-0

[Event "DEM U12"]
[Site "Willingen"]
[Date "2006.06.04"]
[Round "3.37"]
[White "Spangenberg, Romy"]
[Black "Kühnel, Lena"]
[Result "1-0"]
[WhiteElo "1344"]
[BlackElo "1243"]
[PlyCount "31"]
[EventDate "2006.??.??"]
[EventType "swiss"]
[EventRounds "11"]
[EventCountry "GER"]

1. e4 e5 2. Nf3 Nc6 3. d4 exd4 4. Nxd4 Bc5 5. Be3 Qf6 6. c3 Nge7 7. g3 d5 8.
Bg2 dxe4 9. Nb5 Bxe3 10. Nxc7+ Kf8 11. O-O Qe5 12. Nxa8 Bh6 13. Re1 Qb8 14.
Bxe4 Qxa8 15. Bxc6 bxc6 16. Qd6 1-0

[Event "DEM U12"]
[Site "Willingen"]
[Date "2006.06.04"]
[Round "3.38"]
[White "Stoevesand, Eric"]
[Black "Weber, Max"]
[Result "1/2-1/2"]
[WhiteElo "1244"]
[BlackElo "1333"]
[PlyCount "23"]
[EventDate "2006.??.??"]
[EventType "swiss"]
[EventRounds "11"]
[EventCountry "GER"]

1. e4 e6 2. d4 d5 3. e5 c5 4. c3 Nc6 5. Nf3 Qb6 6. a3 Be7 7. Be2 f6 8. b4 cxd4
9. cxd4 fxe5 10. dxe5 Bd8 11. O-O Nge7 12. Bd3 1/2-1/2

[Event "DEM U12"]
[Site "Willingen"]
[Date "2006.06.04"]
[Round "3.39"]
[White "Chernova, Margarita"]
[Black "Warmer, Marina"]
[Result "1-0"]
[WhiteElo "1248"]
[BlackElo "1036"]
[PlyCount "85"]
[EventDate "2006.??.??"]
[EventType "swiss"]
[EventRounds "11"]
[EventCountry "GER"]

1. e4 e6 2. d4 d5 3. Nc3 Nf6 4. Bg5 Bb4 5. e5 h6 6. exf6 hxg5 7. fxg7 Rg8 8.
Qh5 Qf6 9. Nf3 Qxg7 10. Bd3 g4 11. Ne5 Nd7 12. Nxd7 Bxd7 13. Qh7 Qg5 14. a3 Ba5
15. h3 gxh3 16. Qxh3 e5 17. Qe3 f6 18. Qxg5 fxg5 19. b4 Bb6 20. Nxd5 Kf7 21.
Nxb6 axb6 22. dxe5 Rae8 23. Kd2 Rxe5 24. Rae1 Rd5 25. Kc1 Rd6 26. Bc4+ Be6 27.
Bxe6+ Rxe6 28. Rh7+ Kf6 29. Rxe6+ Kxe6 30. Rxc7 Rf8 31. Rxb7 Rxf2 32. Rxb6+ Kf5
33. b5 g4 34. Rb8 Kg5 35. b6 Rxg2 36. b7 Rg1+ 37. Kb2 g3 38. Rg8+ Kf4 39. b8=Q+
Kf3 40. Qf8+ Ke2 41. Qf4 Rf1 42. Re8+ Kd1 43. Qxf1+ 1-0

[Event "DEM U12"]
[Site "Willingen"]
[Date "2006.06.04"]
[Round "3.40"]
[White "Gruber, Roland"]
[Black "Marquardt, Annabelle"]
[Result "1-0"]
[WhiteElo "1368"]
[BlackElo "872"]
[PlyCount "119"]
[EventDate "2006.??.??"]
[EventType "swiss"]
[EventRounds "11"]
[EventCountry "GER"]

1. e4 c5 2. Nf3 Nc6 3. Bb5 g6 4. Nc3 Bg7 5. Bxc6 bxc6 6. d3 Rb8 7. d4 cxd4 8.
Nxd4 Ba6 9. Nb3 Nf6 10. Nc5 Bb5 11. f3 Qb6 12. Nxb5 Qxb5 13. Nb3 O-O 14. c3 d5
15. Nd4 Qa6 16. e5 Nd7 17. e6 Nc5 18. exf7+ Rxf7 19. Qc2 Nd3+ 20. Kd1 c5 21.
Ne6 Nxb2+ 22. Bxb2 Qxe6 23. Re1 Qf5 24. Rc1 Bh6 25. Rb1 Qxc2+ 26. Kxc2 Kg7 27.
Rbd1 Rd8 28. Ba3 Rd7 29. Bxc5 Bf4 30. g3 Bh6 31. f4 Kf8 32. Rb1 Ke8 33. Rb8+
Rd8 34. Bxa7 Rxb8 35. Bxb8 Kd7 36. Rb1 Ke6 37. a4 Rf8 38. a5 Rc8 39. Rb6+ Kf5
40. a6 Rc4 41. Kb3 Bg7 42. a7 Rxc3+ 43. Kb4 Rc4+ 44. Kb5 Bd4 45. a8=Q Rc5+ 46.
Ka6 Rc4 47. Qxd5+ e5 48. Qxc4 Bxb6 49. Kxb6 exf4 50. Qxf4+ Ke6 51. Kc6 g5 52.
Qxg5 h6 53. Qxh6+ Kf5 54. g4+ Kxg4 55. Qf4+ Kh5 56. Qg3 Kh6 57. Be5 Kh5 58. Bf6
Kh6 59. Qg5+ Kh7 60. Qg7# 1-0

[Event "DEM U12"]
[Site "Willingen"]
[Date "2006.06.04"]
[Round "3.41"]
[White "Rogasch, Miriam"]
[Black "Schubert, Torsten"]
[Result "0-1"]
[WhiteElo "1085"]
[BlackElo "1347"]
[PlyCount "56"]
[EventDate "2006.??.??"]
[EventType "swiss"]
[EventRounds "11"]
[EventCountry "GER"]

1. e4 c5 2. Nf3 d6 3. d4 cxd4 4. Nxd4 Nf6 5. Nc3 g6 6. Be3 Bg7 7. f3 O-O 8. Qd2
Nc6 9. O-O-O Nxd4 10. Qxd4 Ng4 11. Qd2 Nxe3 12. Qxe3 Qa5 13. Bc4 Bd7 14. h4
Rfc8 15. Bb3 Bxc3 16. bxc3 Rxc3 17. Qf4 Be6 18. Kb2 Rac8 19. Rd2 Qb5 20. g4
R3c5 21. Qh6 Bxb3 22. axb3 Qc6 23. Rc1 a5 24. Qe3 a4 25. bxa4 Qxa4 26. Qa3 Rb5+
27. Ka2 Qxa3+ 28. Kxa3 Ra8# 0-1

[Event "DEM U12"]
[Site "Willingen"]
[Date "2006.06.04"]
[Round "3.42"]
[White "Düssler, Stefanie"]
[Black "Holzmann, Arthur"]
[Result "1-0"]
[WhiteElo "1289"]
[BlackElo "1099"]
[PlyCount "103"]
[EventDate "2006.??.??"]
[EventType "swiss"]
[EventRounds "11"]
[EventCountry "GER"]

1. e4 d5 2. exd5 Qxd5 3. Nc3 Qa5 4. Bc4 c6 5. d3 Bf5 6. Bd2 Qc7 7. Nge2 Nf6 8.
a3 Nbd7 9. Ng3 Bg6 10. Qe2 e6 11. O-O-O Bd6 12. Rhf1 O-O-O 13. Qe3 Kb8 14. Rde1
Ng4 15. Qe2 Nxh2 16. Rh1 Bxg3 17. fxg3 Qxg3 18. Ne4 Bxe4 19. Qxe4 e5 20. Bxf7
Rhf8 21. Qxh7 Rh8 22. Qe4 Rdf8 23. Be6 Rh4 24. Qe2 Rf2 25. Qe3 Qxg2 26. Reg1
Qf3 27. Bxd7 Qf7 28. Qxe5+ Ka8 29. Be1 Nf3 30. Qe8+ Qxe8 31. Bxe8 Nxg1 32. Rxh4
Rf1 33. Re4 Nf3 34. Kd1 Nxe1 35. Rxe1 Rxe1+ 36. Kxe1 Kb8 37. Ke2 Kc7 38. Ke3
Kd8 39. Bg6 Ke7 40. Kd4 Kf6 41. Be4 g5 42. b4 g4 43. c4 Kg5 44. b5 cxb5 45.
cxb5 b6 46. Kd5 Kf4 47. Kc6 g3 48. Kb7 Ke3 49. Kxa7 Kf2 50. Kxb6 g2 51. Bxg2
Kxg2 52. Kc6 1-0

[Event "DEM U12"]
[Site "Willingen"]
[Date "2006.06.04"]
[Round "3.43"]
[White "Rozenfeld, Elisabeth"]
[Black "Marx, Inga"]
[Result "1-0"]
[WhiteElo "1271"]
[BlackElo "1078"]
[PlyCount "51"]
[EventDate "2006.??.??"]
[EventType "swiss"]
[EventRounds "11"]
[EventCountry "GER"]

1. e4 e5 2. Nf3 Nc6 3. d4 exd4 4. Nxd4 Bc5 5. Be3 d5 6. Nxc6 Qd6 7. Nd4 dxe4 8.
Nc3 Nf6 9. Bc4 O-O 10. O-O Rd8 11. Ndb5 Qxd1 12. Raxd1 Bd6 13. Bf4 Bg4 14. Bxd6
Bxd1 15. Bxc7 Rdc8 16. Rxd1 a6 17. Nd5 Kf8 18. Bd6+ Ke8 19. Nxf6+ gxf6 20. Nc7+
Kd7 21. Nxa8 Rxa8 22. Bxf7 Rc8 23. c3 Rc6 24. Bb4+ Kc7 25. Bd5 Rb6 26. Ba5 1-0

[Event "DEM U12"]
[Site "Willingen"]
[Date "2006.06.04"]
[Round "3.44"]
[White "Weißenburg, Isabel"]
[Black "Krtschil, Anna"]
[Result "1/2-1/2"]
[WhiteElo "1255"]
[BlackElo "1077"]
[PlyCount "28"]
[EventDate "2006.??.??"]
[EventType "swiss"]
[EventRounds "11"]
[EventCountry "GER"]

1. e4 d6 2. d4 g6 3. c3 Nf6 4. Bd3 Bg7 5. Nf3 O-O 6. Bf4 c5 7. Qd2 Qb6 8. b3
Nc6 9. d5 Nd8 10. h3 e6 11. c4 exd5 12. cxd5 Re8 13. Nc3 Qb4 14. O-O Nh5
1/2-1/2

[Event "DEM U12"]
[Site "Willingen"]
[Date "2006.06.04"]
[Round "3.45"]
[White "Brühan, Caren"]
[Black "Luther, Alexander"]
[Result "0-1"]
[WhiteElo "1054"]
[BlackElo "1248"]
[PlyCount "88"]
[EventDate "2006.??.??"]
[EventType "swiss"]
[EventRounds "11"]
[EventCountry "GER"]

1. e4 e5 2. Nf3 Nf6 3. Bc4 Nxe4 4. O-O d6 5. d3 Nf6 6. Ng5 d5 7. Bb3 h6 8. Nf3
Bg4 9. h3 Bh5 10. Qe2 e4 11. g4 Bg6 12. Nh4 Bh7 13. Nc3 Be7 14. g5 hxg5 15.
Bxg5 exd3 16. cxd3 d4 17. Na4 O-O 18. Qf3 c6 19. Nf5 b5 20. Nxe7+ Qxe7 21. Bxf6
gxf6 22. Rfe1 Qd6 23. Kh1 bxa4 24. Bxa4 Nd7 25. Rg1+ Kh8 26. Rg2 Ne5 27. Qg3
Rg8 28. Qf4 Rxg2 29. Kxg2 Rg8+ 30. Kh1 Qd5+ 31. f3 Qxf3+ 32. Qxf3 Nxf3 33. Bxc6
Ne5 34. Bb5 Nxd3 35. Bxd3 Bxd3 36. Rd1 Be4+ 37. Kh2 Rg2+ 38. Kh1 Rd2+ 39. Kg1
Rxd1+ 40. Kf2 Rd2+ 41. Ke1 Rxb2 42. h4 d3 43. h5 d2+ 44. Kd1 Bf3# 0-1

[Event "DEM U12"]
[Site "Willingen"]
[Date "2006.06.04"]
[Round "3.46"]
[White "Kormann, Jewgenija"]
[Black "Veelders, Wiebke"]
[Result "1-0"]
[WhiteElo "1236"]
[BlackElo "997"]
[PlyCount "149"]
[EventDate "2006.??.??"]
[EventType "swiss"]
[EventRounds "11"]
[EventCountry "GER"]

1. e4 e6 2. Nf3 d5 3. exd5 exd5 4. Qe2+ Be7 5. g3 Nf6 6. Bg2 Bf5 7. Qb5+ Nbd7
8. Nd4 Be4 9. Bxe4 dxe4 10. Nf5 O-O 11. Nxe7+ Qxe7 12. Qxb7 Ne5 13. O-O Rfb8
14. Qa6 Rb6 15. Qe2 Re8 16. Nc3 Nf3+ 17. Kg2 Nd4 18. Qd1 Qe5 19. d3 c5 20. Rb1
Qe6 21. Re1 Qc6 22. Kh3 Qd7+ 23. Kg2 Qb7 24. dxe4 Nxe4 25. Nxe4 Rxe4 26. Rxe4
Qxe4+ 27. f3 Qd5 28. b3 Rf6 29. Bb2 Rxf3 30. Kg1 Qe4 31. Bxd4 cxd4 32. Qe1 Re3
33. Qf1 Qxc2 34. Rc1 d3 35. Rxc2 dxc2 36. Qc1 Rc3 37. Kf1 Kf8 38. Kf2 f6 39.
Ke2 Rc8 40. Kd2 Kf7 41. Qxc2 Rxc2+ 42. Kxc2 Kg6 43. Kd3 Kg5 44. h3 Kf5 45. Kd4
g5 46. a4 g4 47. h4 h6 48. b4 Ke6 49. Ke4 f5+ 50. Kd4 Kd6 51. h5 a6 52. b5 axb5
53. axb5 Kc7 54. Ke5 Kb6 55. Kxf5 Kxb5 56. Kxg4 Kc5 57. Kf5 Kd6 58. Kg6 Ke6 59.
Kxh6 Kf5 60. Kg7 Kg5 61. h6 Kg4 62. h7 Kxg3 63. h8=Q Kf4 64. Qh5 Ke4 65. Qc5
Kf4 66. Kg6 Ke4 67. Kf6 Kf4 68. Qc4+ Ke3 69. Kf5 Kf3 70. Qc3+ Ke2 71. Kf4 Kd1
72. Qb2 Ke1 73. Kf3 Kd1 74. Ke3 Ke1 75. Qe2# 1-0

[Event "DEM U12"]
[Site "Willingen"]
[Date "2006.06.04"]
[Round "3.47"]
[White "Vetter, Henrike"]
[Black "Pohl, Theresa"]
[Result "0-1"]
[WhiteElo "836"]
[BlackElo "1225"]
[PlyCount "60"]
[EventDate "2006.??.??"]
[EventType "swiss"]
[EventRounds "11"]
[EventCountry "GER"]

1. e4 e5 2. Nf3 Nc6 3. d4 exd4 4. Nxd4 Bc5 5. Be3 Qf6 6. Nb5 Bxe3 7. fxe3 Qe5
8. Nd2 Na5 9. b4 a6 10. Nd4 Nc6 11. Nc4 Qxe4 12. Nxc6 Qxc6 13. Qg4 Qf6 14. Rd1
d5 15. Qg3 dxc4 16. Bxc4 Qc3+ 17. Rd2 Qxc4 18. Qxg7 Qh4+ 19. g3 Qf6 20. Qxf6
Nxf6 21. O-O Ne4 22. Rd4 Nd6 23. c4 Bh3 24. Rf2 O-O-O 25. c5 Nb5 26. Rdd2 Rhe8
27. Rfe2 Nc3 28. Rxd8+ Rxd8 29. Rf2 Rd1+ 30. Rf1 Rxf1# 0-1

[Event "DEM U12"]
[Site "Willingen"]
[Date "2006.06.04"]
[Round "3.48"]
[White "Kneip, Jakob"]
[Black "Günther, Elisabeth"]
[Result "1/2-1/2"]
[WhiteElo "1204"]
[BlackElo "969"]
[PlyCount "56"]
[EventDate "2006.??.??"]
[EventType "swiss"]
[EventRounds "11"]
[EventCountry "GER"]

1. e4 e5 2. Nf3 Nc6 3. Bc4 Nf6 4. Nc3 Bc5 5. d3 h6 6. Bd2 d6 7. h3 O-O 8. O-O
Re8 9. Nd5 Nxd5 10. Bxd5 Be6 11. Bxe6 Rxe6 12. c3 d5 13. exd5 Qxd5 14. Be3 Rd8
15. Bxc5 Qxc5 16. Qe2 Qd6 17. Rfd1 a6 18. Rd2 Re7 19. Qe3 Qe6 20. Re2 Rde8 21.
Nd2 Qd5 22. Qe4 Qxe4 23. dxe4 Rd8 24. Rc1 Red7 25. Nf3 Rd1+ 26. Rxd1 Rxd1+ 27.
Re1 Rxe1+ 28. Nxe1 f6 1/2-1/2

[Event "DEM U12"]
[Site "Willingen"]
[Date "2006.06.04"]
[Round "3.49"]
[White "Alt, Elisabeth"]
[Black "Dittmann, Jan"]
[Result "0-1"]
[WhiteElo "782"]
[BlackElo "1201"]
[PlyCount "46"]
[EventDate "2006.??.??"]
[EventType "swiss"]
[EventRounds "11"]
[EventCountry "GER"]

1. e4 c5 2. Nc3 Nc6 3. Nf3 g6 4. Bc4 Bg7 5. d3 e6 6. O-O Nge7 7. Be3 d6 8. Qe2
O-O 9. Rad1 a6 10. h3 b5 11. Bb3 Qb6 12. Rd2 a5 13. a3 a4 14. Ba2 b4 15. axb4
Qxb4 16. Rb1 a3 17. Rdd1 axb2 18. Bd2 Bxc3 19. Bxc3 Qxc3 20. Bc4 Nb4 21. Ng5
Qxc2 22. Qxc2 Nxc2 23. Rd2 Ra1 0-1

[Event "DEM U12"]
[Site "Willingen"]
[Date "2006.06.04"]
[Round "3.50"]
[White "Bohrmann, Sandra"]
[Black "Hüglin, Larissa"]
[Result "1-0"]
[WhiteElo "1110"]
[BlackElo "793"]
[PlyCount "47"]
[EventDate "2006.??.??"]
[EventType "swiss"]
[EventRounds "11"]
[EventCountry "GER"]

1. e4 e5 2. Nf3 Nc6 3. d4 d6 4. dxe5 dxe5 5. Qxd8+ Kxd8 6. Nc3 Bc5 7. Bc4 Be6
8. Bxe6 fxe6 9. O-O Kd7 10. Be3 Bb6 11. Rad1+ Nd4 12. Nxe5+ Ke7 13. Bxd4 Rf8
14. Bxb6 axb6 15. Rd7+ Ke8 16. Nb5 Rf6 17. Nxc7+ Kf8 18. Rfd1 Rf4 19. Rd8+ Ke7
20. Re8+ Kf6 21. Rxe6+ Kg5 22. Nf3+ Kh5 23. Rd5+ Kg4 24. h3# 1-0

[Event "DEM U12"]
[Site "Willingen"]
[Date "2006.06.06"]
[Round "6.1"]
[White "Zier, Oliver"]
[Black "Hager, Joshua Aarash"]
[Result "0-1"]
[WhiteElo "1823"]
[BlackElo "1872"]
[PlyCount "142"]
[EventDate "2006.??.??"]
[EventType "swiss"]
[EventRounds "11"]
[EventCountry "GER"]

1. d4 Nf6 2. c4 c5 3. d5 e6 4. Nc3 exd5 5. cxd5 d6 6. e4 g6 7. Bd3 Bg7 8. Nge2
O-O 9. O-O Re8 10. h3 c4 11. Bc2 b5 12. a3 a6 13. f4 Nbd7 14. Ng3 Nc5 15. Qf3
Ra7 16. Be3 Nfd7 17. Rad1 Qb6 18. e5 Qc7 19. exd6 Qxd6 20. Nce4 Nxe4 21. Nxe4
Qb8 22. f5 Ne5 23. Qg3 Rb7 24. f6 Bf8 25. Qh4 Nd3 26. Bxd3 cxd3 27. Rxd3 Qe5
28. Nc5 Qxe3+ 29. Rxe3 Bxc5 30. Rfe1 Rxe3 31. Rxe3 Bxe3+ 32. Kh2 Bc5 33. Qe4
Bd6+ 34. g3 Bd7 35. h4 Rc7 36. Kg2 Rc4 37. Qe2 Rg4 38. Kf1 Rxg3 39. Qf2 Bg4 40.
Qd4 Rf3+ 41. Kg2 Rf4 42. Qc3 Rc4 43. Qe3 Rc2+ 44. Kh1 Re2 45. Qc3 Bd7 46. Qa5
Bf8 47. Qc7 Bf5 48. Kg1 Rd2 49. Qe5 Bc5+ 50. Kh1 Rd4 51. Qe8+ Bf8 52. Qe5 Rxh4+
53. Kg2 Rg4+ 54. Kf3 Re4 55. Qc7 Rd4 56. Ke3 Rxd5 57. Qc6 Rd3+ 58. Ke2 Rd6 59.
Qc3 h5 60. Kf2 h4 61. Kg2 h3+ 62. Kh2 Rd3 63. Qc6 Rd2+ 64. Kg3 Bd6+ 65. Kf3
Rd3+ 66. Kf2 h2 67. Qa8+ Kh7 68. Qb7 Be6 69. Qe4 Bc5+ 70. Kf1 Bh3+ 71. Ke2 Re3+
0-1

[Event "DEM U12"]
[Site "Willingen"]
[Date "2006.06.06"]
[Round "6.2"]
[White "Bräuer, Franz"]
[Black "Mirke, Roy"]
[Result "1/2-1/2"]
[WhiteElo "1878"]
[BlackElo "1557"]
[PlyCount "30"]
[EventDate "2006.??.??"]
[EventType "swiss"]
[EventRounds "11"]
[EventCountry "GER"]

1. e4 c5 2. Nf3 Nc6 3. Bb5 e6 4. O-O Qc7 5. Re1 a6 6. Bxc6 Qxc6 7. c4 b5 8.
cxb5 axb5 9. d4 cxd4 10. Nxd4 Qb6 11. Be3 Nf6 12. Nb3 Qc7 13. f3 Bd6 14. h3 O-O
15. Nc3 Ba6 1/2-1/2

[Event "DEM U12"]
[Site "Willingen"]
[Date "2006.06.06"]
[Round "6.3"]
[White "Kropman, Alexei"]
[Black "Wang, Zhangxian"]
[Result "1/2-1/2"]
[WhiteElo "1669"]
[BlackElo "1998"]
[PlyCount "80"]
[EventDate "2006.??.??"]
[EventType "swiss"]
[EventRounds "11"]
[EventCountry "GER"]

1. e4 c6 2. d4 d5 3. Nc3 dxe4 4. Nxe4 Nf6 5. Nxf6+ gxf6 6. c3 Bf5 7. Nf3 e6 8.
g3 Bd6 9. Bg2 Nd7 10. Nh4 Bg6 11. O-O Qc7 12. f4 f5 13. Qe1 O-O-O 14. Be3 Be7
15. Nf3 h5 16. h4 Nf6 17. Bf2 Ne4 18. Ne5 Rhg8 19. Kh2 Bd6 20. Rd1 f6 21. Nxg6
Rxg6 22. Bxe4 fxe4 23. Qxe4 f5 24. Qf3 Rdg8 25. Rg1 Rg4 26. Rde1 Re8 27. Be3
Be7 28. Rg2 Reg8 29. Ree2 Bf6 30. Rc2 Qa5 31. b4 Qd5 32. Qxd5 exd5 33. Rce2 Kd7
34. Bd2 b5 35. Be1 Re8 36. Rxe8 Kxe8 37. Re2+ Kd7 38. a3 Rg7 39. Bf2 a6 40. Ra2
Kc7 1/2-1/2

[Event "DEM U12"]
[Site "Willingen"]
[Date "2006.06.06"]
[Round "6.4"]
[White "Zimmermann, Gordon"]
[Black "Neumair, Jerome"]
[Result "1/2-1/2"]
[WhiteElo "1920"]
[BlackElo "1596"]
[PlyCount "50"]
[EventDate "2006.??.??"]
[EventType "swiss"]
[EventRounds "11"]
[EventCountry "GER"]

1. e4 e6 2. d4 d5 3. Nd2 Nf6 4. e5 Nfd7 5. Bd3 c5 6. c3 Nc6 7. Ne2 Qb6 8. Nf3
f6 9. exf6 Nxf6 10. O-O cxd4 11. cxd4 Bd6 12. b3 O-O 13. Re1 Bd7 14. Bf4 Qc7
15. Bxd6 Qxd6 16. Nc3 a6 17. Na4 Nb4 18. Nc5 Nxd3 19. Qxd3 b6 20. Nxd7 Qxd7 21.
Ng5 Rfe8 22. Qh3 Rac8 23. Re3 Rc6 24. Rae1 h6 25. Nf3 Qc8 1/2-1/2